[Event "Cappelle op 40th"]
[Site "Cappelle la Grande"]
[Date "2024.03.08"]
[Round "9"]
[White "Kanov, Nikola"]
[Black "Can, Emre"]
[Result "1-0"]
[WhiteElo "2424"]
[BlackElo "2551"]
[PlyCount "73"]
[EventDate "2024.03.02"]
[EventType "swiss"]
[EventRounds "9"]
[EventCountry "FRA"]
[SourceTitle "CB11_2024"]
[SourceDate "2024.03.13"]
[SourceVersion "1"]
[SourceVersionDate "2024.03.13"]
[SourceQuality "1"]

1. e4 c5 2. Nf3 d6 3. d4 cxd4 4. Nxd4 Nf6 5. Nc3 a6 6. Be3 e5 7. Nb3 Be7 8. h3 h6 9. Rg1 Qc7 10. Qf3 b5 11. 0-0-0 Nbd7 12. Kb1 b4 13. Nd5 Nxd5 14. exd5 a5 15. Bb5 0-0 16. g4 a4 17. Nd2 Nb6 18. Bd3 g6 19. Bxh6 a3 20. Bxf8 Bxf8 21. Ne4 Bg7 22. b3 Bb7 23. Bc4 Rc8 24. Qe2 Qd7 25. g5 Nxc4 26. bxc4 Ba6 27. Qg4 Qd8 28. c5 dxc5 29. d6 c4 30. d7 Rb8 31. Rd6 Qa5 32. Rgd1 Rd8 33. R6d5 Qb6 34. Rd6 Qa5 35. R1d5 Bb5 36. Qe2 Bf8 37. Nf6+ 1-0

[Event "DEN-chT 2324 61st"]
[Site "Denmark"]
[Date "2024.01.28"]
[Round "6.3"]
[White "Schandorff, Lars"]
[Black "Kanov, Nikola"]
[Result "1-0"]
[WhiteElo "2471"]
[BlackElo "2379"]
[PlyCount "89"]
[EventDate "2023.10.28"]
[EventType "team-tourn"]
[EventRounds "9"]
[EventCountry "DEN"]
[SourceTitle "CB11_2024"]
[SourceDate "2024.03.13"]
[SourceVersion "1"]
[SourceVersionDate "2024.03.13"]
[SourceQuality "1"]
[WhiteTeam "Hillerod"]
[BlackTeam "Fredericia"]
[WhiteTeamCountry "DEN"]
[BlackTeamCountry "DEN"]

1. Nf3 c5 2. c4 Nc6 3. Nc3 g6 4. e3 Nf6 5. d4 cxd4 6. exd4 d5 7. cxd5 Nxd5 8. Qb3 Nxc3 9. Bc4 Nd5 10. Bxd5 e6 11. Bxc6+ bxc6 12. 0-0 Qd5 13. Be3 f6 14. Rfc1 Bd6 15. Nd2 0-0 16. Qc2 Rb8 17. Ne4 Be7 18. b3 f5 19. Bg5 Bxg5 20. Nxg5 Qxd4 21. Qxc6 Bd7 22. Qa6 Qf6 23. Qxa7 Rbd8 24. Rd1 Qxg5 25. Rxd7 Qf6 26. Rad1 Ra8 27. Qe3 Rxa2 28. Qh6 Rf7 29. Rxf7 Kxf7 30. Qxh7+ Kf8 31. Qh6+ Kg8 32. h4 Ra1 33. Rxa1 Qxa1+ 34. Kh2 Qe5+ 35. g3 Qb2 36. Qxg6+ Kf8 37. Qh6+ Kf7 38. Qe3 Qb1 39. Qa7+ Kg6 40. Qb6 Qe4 41. Qe3 Qd5 42. b4 Kf6 43. Qc5 Qe4 44. b5 e5 45. Qc6+ 1-0

[Event "Groningen op 59th"]
[Site "Groningen"]
[Date "2023.12.29"]
[Round "8"]
[White "Kanov, Nikola"]
[Black "Tiviakov, Sergei"]
[Result "1/2-1/2"]
[WhiteElo "2371"]
[BlackElo "2536"]
[PlyCount "104"]
[EventDate "2023.12.21"]
[EventType "swiss"]
[EventRounds "9"]
[EventCountry "NED"]
[SourceTitle "CB04_2024"]
[SourceDate "2023.10.16"]
[SourceVersion "1"]
[SourceVersionDate "2023.10.16"]
[SourceQuality "1"]

1. e4 d5 2. exd5 Qxd5 3. Nc3 Qd6 4. d4 Nf6 5. Nf3 c6 6. Ne5 Nbd7 7. Nc4 Qc7 8. a4 g6 9. g3 Bg7 10. Bg2 Nb6 11. Ne5 Be6 12. 0-0 a5 13. Qe2 Rd8 14. Bf4 Qc8 15. Rad1 0-0 16. b3 c5 17. dxc5 Qxc5 18. Nb5 Nfd5 19. Nd3 Nxf4 20. Nxf4 Bf5 21. c4 e5 22. Nd3 Qe7 23. Qe3 Bxd3 24. Rxd3 Rxd3 25. Qxd3 Nd7 26. Rd1 Nc5 27. Qe3 f5 28. Rd6 Rc8 29. Bd5+ Kh8 30. h4 e4 31. f4 Bf8 32. Qc3+ Qg7 33. Rb6 Qxc3 34. Nxc3 Rc7 35. Kf1 Nd7 36. Rxb7 Rxb7 37. Bxb7 Nc5 38. Bc8 Nxb3 39. g4 Bb4 40. Nd5 fxg4 41. Bxg4 Bc5 42. Nc3 e3 43. Ne4 Bb6 44. h5 Nd4 45. hxg6 hxg6 46. Nc3 Bc5 47. Nd5 Nb3 48. Ke2 Nc1+ 49. Kd1 Nd3 50. Ke2 Nb2 51. Bd7 Nxc4 52. Bb5 Nb6 1/2-1/2

[Event "DEN-chT 2324 61st"]
[Site "Denmark"]
[Date "2023.12.10"]
[Round "4.3"]
[White "Kanov, Nikola"]
[Black "Matthiesen, Martin"]
[Result "1-0"]
[WhiteElo "2379"]
[BlackElo "2282"]
[PlyCount "113"]
[EventDate "2023.10.28"]
[EventType "team-tourn"]
[EventRounds "9"]
[EventCountry "DEN"]
[SourceTitle "CB11_2024"]
[SourceDate "2024.03.13"]
[SourceVersion "1"]
[SourceVersionDate "2024.03.13"]
[SourceQuality "1"]
[WhiteTeam "Fredericia"]
[BlackTeam "Copenhagen 68"]
[WhiteTeamCountry "DEN"]
[BlackTeamCountry "DEN"]

1. e4 c6 2. d4 d5 3. Nc3 dxe4 4. Nxe4 Bf5 5. Ng3 Bg6 6. h4 h6 7. Nf3 Nd7 8. Bd3 Bxd3 9. Qxd3 e6 10. Bf4 Qa5+ 11. Bd2 Bb4 12. c3 Be7 13. c4 Bb4 14. Ne4 Ngf6 15. Nd6+ Ke7 16. Nxb7 Qb6 17. Qb3 a5 18. Bxb4+ axb4 19. Nd6 Kxd6 20. c5+ Nxc5 21. dxc5+ Qxc5 22. 0-0 Ke7 23. Rfe1 Ng4 24. Re4 Qxf2+ 25. Kh1 Nf6 26. Qxb4+ Ke8 27. Qb7 Qa7 28. Qxc6+ Ke7 29. Rd4 Rhd8 30. Rxd8 Rxd8 31. b4 Rd6 32. Qc4 Qa3 33. Re1 Nd5 34. Nd4 Kf6 35. Nb5 Qg3 36. Qf1+ Ke7 37. Nxd6 Qxh4+ 38. Kg1 Kxd6 39. b5 Nf4 40. Rd1+ Kc5 41. Rc1+ Kb6 42. Rc6+ Ka7 43. Rc7+ Kb6 44. Rxf7 g5 45. Qf2+ Qxf2+ 46. Kxf2 Kxb5 47. Rh7 h5 48. g3 Nd3+ 49. Ke3 Nb4 50. Rxh5 Nxa2 51. Rh6 Kc5 52. Rxe6 Kd5 53. Rg6 Nc3 54. Rxg5+ Ke6 55. Rc5 Nd5+ 56. Rxd5 Kxd5 57. Kf4 1-0

[Event "Wch U16"]
[Site "Montesilvano"]
[Date "2023.11.24"]
[Round "11"]
[White "Kanov, Nikola"]
[Black "Wafa, Hamed"]
[Result "0-1"]
[WhiteElo "2339"]
[BlackElo "2177"]
[PlyCount "100"]
[EventDate "2023.11.13"]
[EventType "swiss"]
[EventRounds "11"]
[EventCountry "ITA"]
[SourceTitle "CB48_2023"]
[SourceDate "2023.11.29"]
[SourceVersion "1"]
[SourceVersionDate "2023.11.29"]
[SourceQuality "1"]

1. e4 e5 2. Nf3 Nc6 3. Bc4 Bc5 4. d3 Nf6 5. 0-0 0-0 6. h3 h6 7. Re1 Re8 8. c3 d5 9. exd5 Nxd5 10. d4 Nb6 11. Bxf7+ Kxf7 12. dxc5 Qxd1 13. Rxd1 Na4 14. b3 Nxc5 15. Be3 Ne4 16. Ne1 Bf5 17. f3 Nf6 18. c4 Rad8 19. Nc3 Nd4 20. f4 c5 21. fxe5 Rxe5 22. Bxd4 cxd4 23. Nf3 Re3 24. Nd5 Nxd5 25. Rxd4 Be4 26. Rad1 Bxf3 27. gxf3 Rxf3 28. Rxd5 Rxd5 29. Rxd5 Ke6 30. Rb5 b6 31. Kg2 Rf5 32. Rb4 Ra5 33. a4 Rf5 34. Kg3 Kd6 35. Kg4 Rc5 36. h4 g5 37. hxg5 hxg5 38. Kh5 Ke5 39. a5 Rxa5 40. c5 Rxc5 41. Kxg5 Rc3 42. Rb5+ Kd6 43. Kf4 Kc6 44. Rh5 Rxb3 45. Ke4 a5 46. Kd4 a4 47. Kc4 b5+ 48. Kd4 Kb6 49. Rh8 Ka5 50. Kc5 Rc3+ 0-1

[Event "Wch U16"]
[Site "Montesilvano"]
[Date "2023.11.23"]
[Round "10"]
[White "Kvaloy, Aksel Bu"]
[Black "Kanov, Nikola"]
[Result "1/2-1/2"]
[WhiteElo "2457"]
[BlackElo "2339"]
[PlyCount "97"]
[EventDate "2023.11.13"]
[EventType "swiss"]
[EventRounds "11"]
[EventCountry "ITA"]
[SourceTitle "CB48_2023"]
[SourceDate "2023.11.29"]
[SourceVersion "1"]
[SourceVersionDate "2023.11.29"]
[SourceQuality "1"]

1. e4 e5 2. Nf3 Nc6 3. Bb5 a6 4. Ba4 Nf6 5. 0-0 b5 6. Bb3 Bc5 7. c3 d6 8. d4 Bb6 9. a4 Rb8 10. a5 Ba7 11. h3 Bb7 12. Be3 Nxe4 13. Re1 exd4 14. Bg5 Ne7 15. Nbd2 d5 16. Nxe4 dxe4 17. Nxd4 Bxd4 18. cxd4 h6 19. Bh4 0-0 20. Rc1 Qd7 21. Rc5 Rbc8 22. Qh5 Kh7 23. Rec1 Ng6 24. Bg3 Qxd4 25. Qf5 e3 26. f3 e2+ 27. Kh2 Qf6 28. Qxf6 gxf6 29. Rxc7 Kg7 30. R1c2 Rxc7 31. Rxc7 Bc8 32. Kg1 Ne5 33. Kf2 Nd3+ 34. Kxe2 Nxb2 35. Kd2 Nc4+ 36. Bxc4 bxc4 37. Rxc4 Bd7 38. Bf2 Rc8 39. Rf4 f5 40. Rd4 Bb5 41. Rd6 Rc6 42. Bd4+ f6 43. Rd7+ Kg6 44. Rd8 f4 45. h4 h5 46. Rb8 Re6 47. Rb6 Kf5 48. Rxe6 Kxe6 49. Ke1 1/2-1/2

[Event "Wch U16"]
[Site "Montesilvano"]
[Date "2023.11.21"]
[Round "8"]
[White "Savicevs, Arsenijs"]
[Black "Kanov, Nikola"]
[Result "0-1"]
[WhiteElo "2169"]
[BlackElo "2339"]
[PlyCount "70"]
[EventDate "2023.11.13"]
[EventType "swiss"]
[EventRounds "11"]
[EventCountry "ITA"]
[SourceTitle "CB48_2023"]
[SourceDate "2023.11.29"]
[SourceVersion "1"]
[SourceVersionDate "2023.11.29"]
[SourceQuality "1"]

1. e4 c5 2. Nf3 e6 3. d4 cxd4 4. Nxd4 Nc6 5. Nc3 Qc7 6. Be3 a6 7. Qf3 Nf6 8. 0-0-0 Ne5 9. Qg3 h5 10. h4 d6 11. Be2 b5 12. f4 Neg4 13. e5 dxe5 14. fxe5 Nxe3 15. Qxe3 Nd7 16. Rhf1 Rb8 17. Bxh5 Rxh5 18. Qf3 Rf5 19. Nxf5 Nxe5 20. Qe2 exf5 21. Nd5 Qd6 22. Rfe1 Qh6+ 23. Kb1 f6 24. Nc7+ Kf7 25. Rd8 Be7 26. Qd1 Bxd8 27. Qxd8 Kg6 28. g3 Kh7 29. Ne8 Qg6 30. Nd6 Qxg3 31. Rd1 Qg4 32. Rc1 f4 33. b3 Qd7 34. Qf8 Ng6 35. Qf7 Qxf7 0-1

[Event "EU-ch U16 31st"]
[Site "Mamaia"]
[Date "2023.09.14"]
[Round "9"]
[White "Kanov, Nikola"]
[Black "Taspinar, Yanki"]
[Result "0-1"]
[WhiteElo "2343"]
[BlackElo "2290"]
[PlyCount "126"]
[EventDate "2023.09.05"]
[EventType "swiss"]
[EventRounds "9"]
[EventCountry "ROU"]
[SourceTitle "EXT 2024"]
[Source "ChessBase"]
[SourceDate "2023.10.10"]
[SourceVersion "1"]
[SourceVersionDate "2023.10.10"]
[SourceQuality "1"]

1. e4 e5 2. Nf3 Nc6 3. Bc4 Nf6 4. d3 Bc5 5. 0-0 d6 6. Nbd2 0-0 7. c3 a5 8. h3 h6 9. Re1 Be6 10. Bb5 Ba7 11. Nf1 Ne7 12. Ng3 Ng6 13. d4 c6 14. Ba4 Qc7 15. Bc2 Rad8 16. Be3 Rfe8 17. Qc1 b5 18. a4 Rb8 19. axb5 cxb5 20. Nf5 Bxf5 21. exf5 Nf8 22. dxe5 Bxe3 23. Qxe3 dxe5 24. Rad1 N8d7 25. Bb3 Nc5 26. Ba2 e4 27. Nd4 Nd3 28. Re2 b4 29. Rc2 bxc3 30. Rxc3 Qa7 31. Rd2 Rxb2 32. Rxb2 Nxb2 33. Nb5 Qxe3 34. fxe3 Rd8 35. Rc6 Nd3 36. Rc7 Rd7 37. Rc8+ Kh7 38. Ra8 Nd5 39. Rxa5 Nxe3 40. g4 Nc1 41. Nc3 Nxa2 42. Rxa2 h5 43. Nxe4 hxg4 44. hxg4 Nxg4 45. Ra5 f6 46. Kg2 Rd3 47. Ng3 Kh6 48. Ra7 Ne5 49. Ra8 Kh7 50. Ra7 Kh6 51. Ra8 Kg5 52. Rg8 Rd7 53. Rh8 Kg4 54. Nh5 Kxf5 55. Kf2 Kg6 56. Nf4+ Kg5 57. Kg3 Kf5 58. Nh5 g6 59. Nf4 g5 60. Ng2 Rd3+ 61. Kf2 Ng4+ 62. Ke2 Rg3 63. Kf1 Ne3+ 0-1

[Event "EU-ch U16 31st"]
[Site "Mamaia"]
[Date "2023.09.08"]
[Round "4"]
[White "Kanov, Nikola"]
[Black "Sachilaru, Alexandru"]
[Result "1-0"]
[WhiteElo "2343"]
[BlackElo "2213"]
[PlyCount "125"]
[EventDate "2023.09.05"]
[EventType "swiss"]
[EventRounds "9"]
[EventCountry "ROU"]
[SourceTitle "EXT 2024"]
[Source "ChessBase"]
[SourceDate "2023.10.10"]
[SourceVersion "1"]
[SourceVersionDate "2023.10.10"]
[SourceQuality "1"]

1. e4 c5 2. Nf3 d6 3. d4 cxd4 4. Nxd4 Nf6 5. Nc3 a6 6. Be3 e5 7. Nb3 Be6 8. h3 h5 9. Be2 Nbd7 10. 0-0 Be7 11. f4 Qc7 12. f5 Bc4 13. Bxc4 Qxc4 14. Qf3 h4 15. Rfd1 b5 16. a3 Rc8 17. Bf2 Qc6 18. Rd3 Nb6 19. Na5 Qc7 20. b4 Nc4 21. Nxc4 Qxc4 22. Re1 Qc6 23. Be3 Qxc3 24. Rxc3 Rxc3 25. a4 0-0 26. axb5 axb5 27. Qe2 Rc4 28. Bg5 Rxe4 29. Qf1 Rxb4 30. Rb1 Rxb1 31. Qxb1 Nd5 32. Bxe7 Nxe7 33. f6 gxf6 34. Qxb5 Rc8 35. Qd7 Rxc2 36. Qxe7 Kg7 37. Qxd6 Rc4 38. Kf2 Rf4+ 39. Ke3 Kg6 40. Qf8 Rd4 41. Qg8+ Kf5 42. Qxf7 Re4+ 43. Kd3 Rd4+ 44. Kc3 Rf4 45. Qh7+ Kg5 46. Kd3 Rd4+ 47. Ke3 Rf4 48. Qf7 Kh6 49. Qg8 Rd4 50. Kf2 Rf4+ 51. Ke2 Re4+ 52. Kf2 Rf4+ 53. Kg1 Rd4 54. Kh2 Rf4 55. Qf7 Kg5 56. Qg7+ Kf5 57. g4+ hxg3+ 58. Kxg3 Rd4 59. Qh7+ Ke6 60. h4 Rf4 61. h5 Rf5 62. Qg8+ Ke7 63. h6 1-0

[Event "Maia op 7th"]
[Site "Maia"]
[Date "2023.09.02"]
[Round "9"]
[White "Kanov, Nikola"]
[Black "Lau, Lut Yin Luke"]
[Result "1-0"]
[WhiteElo "2343"]
[BlackElo "2038"]
[PlyCount "57"]
[EventDate "2023.08.25"]
[EventType "swiss"]
[EventRounds "9"]
[EventCountry "POR"]
[SourceTitle "EXT 2024"]
[Source "ChessBase"]
[SourceDate "2023.10.10"]
[SourceVersion "1"]
[SourceVersionDate "2023.10.10"]
[SourceQuality "1"]

1. e4 c5 2. Nf3 g6 3. d4 cxd4 4. Nxd4 Nc6 5. c4 Bg7 6. Be3 Nf6 7. Nc3 0-0 8. Be2 d6 9. 0-0 Bd7 10. Nc2 a5 11. Na3 a4 12. h3 Qa5 13. f4 Be6 14. Rc1 Rfc8 15. Qd3 Nd7 16. Rfd1 Nc5 17. Qb1 Ra6 18. Nab5 Qb4 19. e5 Bxc4 20. Bxc4 Qxc4 21. exd6 Ne6 22. dxe7 Nxe7 23. Nd5 Nxd5 24. Rxc4 Rxc4 25. Rxd5 Rb4 26. Qd1 Rxb2 27. Nc7 Rc6 28. Nxe6 Rxe6 29. Rd8+ 1-0

[Event "Maia op 7th"]
[Site "Maia"]
[Date "2023.08.29"]
[Round "5"]
[White "Mikhalevski, Victor"]
[Black "Kanov, Nikola"]
[Result "1-0"]
[WhiteElo "2513"]
[BlackElo "2343"]
[PlyCount "68"]
[EventDate "2023.08.25"]
[EventType "swiss"]
[EventRounds "9"]
[EventCountry "POR"]
[SourceTitle "EXT 2024"]
[Source "ChessBase"]
[SourceDate "2023.10.10"]
[SourceVersion "1"]
[SourceVersionDate "2023.10.10"]
[SourceQuality "1"]

1. c4 c5 2. Nf3 Nc6 3. Nc3 g6 4. e3 Nf6 5. d4 cxd4 6. exd4 d5 7. cxd5 Nxd5 8. Qb3 Nxc3 9. Bc4 Nd5 10. Bxd5 e6 11. Bxc6+ bxc6 12. 0-0 Qd5 13. Qc3 f6 14. Be3 Be7 15. Rfc1 Kf7 16. Nd2 h5 17. h4 Bd7 18. Nb3 Rhd8 19. Nc5 Bxc5 20. dxc5 Bc8 21. Qa5 e5 22. Rd1 Qxd1+ 23. Rxd1 Rxd1+ 24. Kh2 Rd7 25. f4 e4 26. Qa4 Bb7 27. Qb3+ Ke7 28. f5 gxf5 29. Bf4 Re8 30. Bd6+ Kd8 31. Qc3 Kc8 32. Qxf6 e3 33. Qg6 Kd8 34. Bf4 e2 1-0

[Event "Maia op 7th"]
[Site "Maia"]
[Date "2023.08.28"]
[Round "4"]
[White "Nijboer, Friso"]
[Black "Kanov, Nikola"]
[Result "1/2-1/2"]
[WhiteElo "2473"]
[BlackElo "2343"]
[PlyCount "171"]
[EventDate "2023.08.25"]
[EventType "swiss"]
[EventRounds "9"]
[EventCountry "POR"]
[SourceTitle "EXT 2024"]
[Source "ChessBase"]
[SourceDate "2023.10.10"]
[SourceVersion "1"]
[SourceVersionDate "2023.10.10"]
[SourceQuality "1"]

1. e4 c5 2. Nf3 e6 3. d4 cxd4 4. Nxd4 Nc6 5. Nc3 Qc7 6. Be3 a6 7. a3 b5 8. Nxc6 Qxc6 9. Bd3 Bb7 10. Qd2 Rc8 11. f3 d6 12. a4 b4 13. Na2 Qxa4 14. Qxb4 Qxb4+ 15. Nxb4 d5 16. Nxa6 dxe4 17. fxe4 Nf6 18. e5 Nd5 19. Bd2 Be7 20. c4 Nb6 21. c5 Nd7 22. b4 Nxe5 23. Bb5+ Nc6 24. 0-0 Bf6 25. Ra2 0-0 26. Rc1 Rfd8 27. Bf1 Nd4 28. Be3 Bd5 29. Ra3 Nf5 30. Bf2 Bb2 31. Rcc3 Bb7 32. b5 Bxc3 33. Rxc3 Bxa6 34. bxa6 Ne7 35. Ra3 Nc6 36. Be2 e5 37. g4 Rc7 38. Bf3 Ra8 39. Be4 Kf8 40. g5 Raa7 41. Bg3 Ke7 42. Bd5 Rc8 43. Rb3 Nd8 44. Bxe5 Rxa6 45. Bxg7 Rxc5 46. Bf6+ Kd7 47. Be4 Ne6 48. Rb7+ Nc7 49. Bxh7 Ra2 50. Rb1 Nd5 51. Bd4 Rc4 52. Rd1 Raa4 53. Bf5+ Kc6 54. Be5 Ra2 55. Re1 Kc5 56. Bg3 Nc3 57. Bd3 Rg4 58. Re7 Kd4 59. Bf1 Ne4 60. Rd7+ Kc5 61. Rc7+ Kb6 62. Rc4 Ra1 63. Kg2 Rxf1 64. Rxe4 Rxe4 65. Kxf1 Rg4 66. Bf2+ Kc6 67. Be3 Kd5 68. Kf2 Ke4 69. h3 Rh4 70. Kg3 Rh8 71. Bc5 Rg8 72. Kh4 Rg7 73. Bf8 Rh7+ 74. Kg4 Rh8 75. Bg7 Rh7 76. Bf6 Kd5 77. h4 Kd6 78. h5 Kd5 79. h6 Ke6 80. Bg7 f5+ 81. Kh5 Rxg7 82. g6 Kf6 83. h7 Rxh7+ 84. gxh7 Kg7 85. Kg5 Kxh7 86. Kxf5 1/2-1/2

[Event "World ol U16"]
[Site "Eindhoven"]
[Date "2023.08.14"]
[Round "2.5"]
[White "Kanov, Nikola"]
[Black "Begmuratov, Khumoyun"]
[Result "1-0"]
[WhiteElo "2343"]
[BlackElo "2374"]
[PlyCount "105"]
[EventDate "2023.08.13"]
[EventType "team-swiss"]
[EventRounds "9"]
[EventCountry "NED"]
[SourceTitle "CBM 215 Extra"]
[Source "ChessBase"]
[SourceDate "2023.09.30"]
[SourceVersion "1"]
[SourceVersionDate "2023.09.30"]
[SourceQuality "1"]
[WhiteTeam "Bulgaria"]
[BlackTeam "Uzbekistan"]
[WhiteTeamCountry "BUL"]
[BlackTeamCountry "UZB"]

1. e4 c5 2. Nf3 d6 3. d4 cxd4 4. Nxd4 Nf6 5. Nc3 a6 6. Be3 e5 7. Nb3 Be6 8. h3 Be7 9. f4 exf4 10. Bxf4 0-0 11. Qe2 Nc6 12. 0-0-0 Qc7 13. g4 Ne5 14. Nd4 Rfc8 15. Nf5 Bf8 16. g5 Nfd7 17. Nd5 Bxd5 18. Rxd5 Nb6 19. Rd4 Nbc4 20. Bxe5 Nxe5 21. Ne3 Nc6 22. Rd1 Qa5 23. Qf2 Qxa2 24. Bc4 Qa1+ 25. Kd2 Qa5+ 26. Ke2 Ne5 27. Rd5 Qb4 28. Bb3 Rc7 29. Rhd1 Qxe4 30. R5d4 Qg6 31. Rf4 Qh5+ 32. Ke1 Re8 33. Kd2 d5 34. Nxd5 Rd8 35. Kc1 Rcd7 36. h4 a5 37. Rf5 Bd6 38. Rg1 Kh8 39. Kb1 b5 40. g6 Qh6 41. gxf7 Rf8 42. Nf4 g6 43. Rf6 a4 44. Be6 Be7 45. Bxd7 Bxf6 46. Be8 Nxf7 47. Ne6 Rxe8 48. Qxf6+ Kg8 49. Rf1 Nh8 50. h5 a3 51. bxa3 Rb8 52. Qe7 Ra8 53. Nd8 1-0

[Event "World ol U16"]
[Site "Eindhoven"]
[Date "2023.08.14"]
[Round "3.6"]
[White "Samadov, Read"]
[Black "Kanov, Nikola"]
[Result "1-0"]
[WhiteElo "2492"]
[BlackElo "2343"]
[PlyCount "47"]
[EventDate "2023.08.13"]
[EventType "team-swiss"]
[EventRounds "9"]
[EventCountry "NED"]
[SourceTitle "CBM 215 Extra"]
[Source "ChessBase"]
[SourceDate "2023.09.30"]
[SourceVersion "1"]
[SourceVersionDate "2023.09.30"]
[SourceQuality "1"]
[WhiteTeam "Azerbaijan"]
[BlackTeam "Bulgaria"]
[WhiteTeamCountry "AZE"]
[BlackTeamCountry "BUL"]

1. d4 Nf6 2. c4 e6 3. Nf3 c5 4. d5 exd5 5. cxd5 d6 6. Nc3 g6 7. e4 a6 8. Qe2 Bg4 9. e5 dxe5 10. Qxe5+ Qe7 11. Qxe7+ Bxe7 12. Ne5 Nbd7 13. Nxg4 Nxg4 14. Bf4 0-0 15. Be2 Ngf6 16. 0-0-0 Rfe8 17. Bf3 Bf8 18. d6 Ra7 19. Rhe1 Rd8 20. g4 b5 21. g5 Ne8 22. Bc6 Rc8 23. Bxd7 Rxd7 24. Nd5 1-0

[Event "World ol U16"]
[Site "Eindhoven"]
[Date "2023.08.13"]
[Round "1.20"]
[White "Kanov, Nikola"]
[Black "Kannappan, Thanneermalai"]
[Result "1-0"]
[WhiteElo "2343"]
[BlackElo "1761"]
[PlyCount "91"]
[EventDate "2023.08.13"]
[EventType "team-swiss"]
[EventRounds "9"]
[EventCountry "NED"]
[SourceTitle "CBM 215 Extra"]
[Source "ChessBase"]
[SourceDate "2023.09.30"]
[SourceVersion "1"]
[SourceVersionDate "2023.09.30"]
[SourceQuality "1"]
[WhiteTeam "Bulgaria"]
[BlackTeam "Hong Kong"]
[WhiteTeamCountry "BUL"]
[BlackTeamCountry "HKG"]

1. e4 c5 2. Nf3 d6 3. d4 cxd4 4. Nxd4 Nf6 5. Nc3 g6 6. f3 Bg7 7. Be3 Nc6 8. Bc4 0-0 9. Qd2 Bd7 10. Bb3 Rc8 11. 0-0-0 Ne5 12. Kb1 Nc4 13. Bxc4 Rxc4 14. h4 h5 15. g4 hxg4 16. h5 Nxh5 17. fxg4 Bxg4 18. Rdg1 Qc8 19. Nd5 Re8 20. b3 e5 21. bxc4 exd4 22. Bxd4 Rxe4 23. Bxg7 Kxg7 24. Qc3+ Re5 25. Rh4 f5 26. Re1 Qe6 27. Rhh1 Nf6 28. Nf4 Qe7 29. Nd3 Re3 30. Rxe3 Qxe3 31. Re1 Qb6+ 32. Ka1 Kf7 33. c5 Qc7 34. Qb3+ d5 35. Ne5+ Kg7 36. Qc3 Bh5 37. c6 bxc6 38. Nxc6 Qd6 39. Nd4 Kh6 40. Re6 Qd8 41. Qe3+ Kg7 42. Re7+ Kf8 43. Rxa7 Qd6 44. Qh6+ Ke8 45. Qh8+ Qf8 46. Ra8+ 1-0

[Event "Zadar"]
[Site "Zadar"]
[Date "2023.07.09"]
[Round "2"]
[White "Godena, Michele"]
[Black "Kanov, Nikola"]
[Result "1-0"]
[WhiteElo "2444"]
[BlackElo "2347"]
[PlyCount "91"]
[EventDate "2023.07.08"]
[EventType "tourn"]
[EventRounds "9"]
[EventCountry "CRO"]
[EventCategory "6"]
[SourceTitle "EXT 2024"]
[Source "ChessBase"]
[SourceDate "2023.10.10"]
[SourceVersion "1"]
[SourceVersionDate "2023.10.10"]
[SourceQuality "1"]

1. e4 c5 2. Nf3 e6 3. c3 d5 4. exd5 Qxd5 5. d4 Nf6 6. Be2 Nc6 7. 0-0 Be7 8. dxc5 Qxd1 9. Rxd1 Bxc5 10. Nbd2 0-0 11. b4 Be7 12. b5 Nb8 13. c4 Nbd7 14. a4 Re8 15. Bb2 Nc5 16. Ne5 Nfd7 17. Nxd7 Bxd7 18. Bf3 Rac8 19. Ne4 Nxe4 20. Bxe4 Rxc4 21. Bxb7 Rc7 22. Bf3 Bf6 23. Rac1 Rec8 24. Rxc7 Rxc7 25. Bc1 Bd4 26. Bf4 Rc4 27. Bc6 Bxc6 28. bxc6 f6 29. c7 e5 30. Rc1 Rxc7 31. Rxc7 exf4 32. Kf1 Bb6 33. Rd7 h6 34. Rd5 Kf8 35. a5 Bc7 36. Rc5 Bd6 37. Rb5 Be5 38. Ke2 Bd4 39. Rd5 Bc3 40. Rc5 Bd4 41. Rc4 Be5 42. Kd3 Ke7 43. Rb4 Kd6 44. Rb7 g5 45. Rxa7 Kc5 46. Rb7 1-0

[Event "Wch U16 blitz"]
[Site "Batumi"]
[Date "2023.06.11"]
[Round "8"]
[White "Kanov, Nikola"]
[Black "Antonyan, Hamlet"]
[Result "1-0"]
[WhiteElo "2228"]
[BlackElo "1438"]
[PlyCount "63"]
[EventDate "2023.06.10"]
[EventType "swiss (blitz)"]
[EventRounds "11"]
[EventCountry "GEO"]
[SourceTitle "EXT 2024"]
[Source "ChessBase"]
[SourceDate "2023.10.10"]
[SourceVersion "1"]
[SourceVersionDate "2023.10.10"]
[SourceQuality "1"]
[WhiteTeam "Bulgaria"]
[BlackTeam "Armenia"]
[WhiteTeamCountry "BUL"]
[BlackTeamCountry "ARM"]

1. e4 c5 2. Nf3 Nc6 3. d4 cxd4 4. Nxd4 e5 5. Nb5 d6 6. N1c3 a6 7. Na3 b5 8. Nd5 Nge7 9. c4 Nxd5 10. cxb5 Nd4 11. exd5 Be7 12. bxa6 0-0 13. Bc4 Bxa6 14. 0-0 Bxc4 15. Nxc4 Qc7 16. b3 Qc5 17. Be3 Qxd5 18. Nb6 Qc6 19. Nxa8 Rxa8 20. Bxd4 exd4 21. Qd3 Bf6 22. Rfc1 Qb6 23. a4 g6 24. Qf3 d5 25. Qxd5 Rd8 26. Qc6 Rd6 27. Qxb6 Rxb6 28. a5 Rxb3 29. Rcb1 Rc3 30. a6 d3 31. a7 Rc8 32. a8Q 1-0

[Event "Wch U16 rapid"]
[Site "Batumi"]
[Date "2023.06.08"]
[Round "11"]
[White "Antonyan, Hamlet"]
[Black "Kanov, Nikola"]
[Result "0-1"]
[WhiteElo "1541"]
[BlackElo "2333"]
[PlyCount "84"]
[EventDate "2023.06.06"]
[EventType "swiss (rapid)"]
[EventRounds "11"]
[EventCountry "GEO"]
[SourceTitle "EXT 2024"]
[Source "ChessBase"]
[SourceDate "2023.10.10"]
[SourceVersion "1"]
[SourceVersionDate "2023.10.10"]
[SourceQuality "1"]
[WhiteTeam "Armenia"]
[BlackTeam "Bulgaria"]
[WhiteTeamCountry "ARM"]
[BlackTeamCountry "BUL"]

1. e4 c5 2. Nc3 Nc6 3. Bb5 Nd4 4. Nf3 a6 5. Bd3 g6 6. Nxd4 cxd4 7. Ne2 d5 8. exd5 Qxd5 9. 0-0 Bg7 10. c3 Bd7 11. Qb3 Qxb3 12. axb3 Bc6 13. b4 Rd8 14. Bc4 d3 15. Nf4 e5 16. Re1 Ne7 17. Nh3 h6 18. f3 b5 19. Ba2 Bb7 20. Nf2 Nf5 21. Bb1 Nh4 22. Nxd3 0-0 23. Nc5 Bxf3 24. gxf3 Nxf3+ 25. Kf2 Nxe1 26. Kxe1 Rd6 27. Rxa6 Rxa6 28. Nxa6 Ra8 29. Nc5 Ra1 30. Nb3 Rxb1 31. Kd1 g5 32. Kc2 Rxc1+ 33. Nxc1 g4 34. Kd3 f5 35. b3 Kf7 36. c4 e4+ 37. Ke3 Be5 38. Ne2 Bxh2 39. Kf2 Be5 40. Nc1 f4 41. Ne2 g3+ 42. Kf1 f3 0-1